Ekonomická efektívnosť meteorologického zabezpečenia národného hospodárstva teoretické prístupy s aplikáciou na výbrané odvetvie

Gespeichert in:
Bibliographische Detailangaben
1. Verfasser: Strelka, Kamil
Körperschaft: Vysoká škola ekonomická v Bratislave. Národohospodárska fakulta
Weitere Verfasser: Vincúr, Pavol
Format: Buch
Sprache:Slowakisch
Veröffentlicht: Bratislava 1987
Tags: Tag hinzufügen
Keine Tags, Fügen Sie das erste Tag hinzu!

MARC

LEADER 00000nam a2200000 4500
001 c037942
005 20230116095013.9
041 0 |a slo 
044 |a SK 
245 1 0 |a Ekonomická efektívnosť meteorologického zabezpečenia národného hospodárstva  |b teoretické prístupy s aplikáciou na výbrané odvetvie  |c Kamil Strelka ; Ved. práce Pavol Vincúr 
264 1 |a Bratislava  |c 1987 
300 |a 156 s. 
100 1 |a Strelka, Kamil 
700 1 |a Vincúr, Pavol 
710 2 |a Vysoká škola ekonomická v Bratislave. Národohospodárska fakulta